| 000 | 01165nam a2200229 a 4500 | ||
|---|---|---|---|
| 999 |
_c752 _d752 |
||
| 001 | 752 | ||
| 003 | BD-JhCC | ||
| 005 | 20220404134022.0 | ||
| 008 | 171009s20071999bg a|||| ||a| 00| 0 ben d | ||
| 035 | _a(BD-JhCC)752 | ||
| 040 |
_aBD-JhCC _dBD-JhCC |
||
| 041 | _aben | ||
| 082 |
_222 _a004.446 _bRAH 2007 |
||
| 100 | _aরহমান, মাহবুবুর | ||
| 245 |
_aমাইক্রোসফট অফিস এক্সপি ২০০৭ / _cমাহবুবুর রহমান |
||
| 260 |
_aঢাকা : _bসিসটেক পাবলিকেশন্স, _c২০০৭. |
||
| 300 |
_aভলিউম ৫, ৮০ পৃ. : _billus. ; _c২০ সেমি. |
||
| 505 | _aVolum -1 : Basic Knowledge, Windows Xp, MS- Word Xp, MS - Word - 7, Volum - 2 : MS Exes Xp, MS Excel -2007, Volum - 3 : MSPublisher XP-2007, MS Power Point XP - 2007, Volum - 4 : MS Exce XP, MS Exces -2007. Volum - 5 : MS Front page XP, MS Office Infopath, MS Outluck, MS Office Onenote, Networking Knowledge, Internet, E - mail, Computer management, Computer Virus, Anti Virus, | ||
| 650 | _aOperating system | ||
| 650 | _aMicrosoft windows | ||
| 942 |
_2ddc _cBK _04 |
||